Gestión logística en centros de distribución, bodegas y almacenes / (Registro nro. 328)
[ vista simple ]
| 000 -LEADER | |
|---|---|
| fixed length control field | 01667nam a2200289Ia 4500 |
| 003 - CONTROL NUMBER IDENTIFIER | |
| control field | PE SENCICO BE |
| 005 - DATE AND TIME OF LATEST TRANSACTION | |
| control field | 20251020182434.0 |
| 008 - FIXED-LENGTH DATA ELEMENTS--GENERAL INFORMATION | |
| fixed length control field | 200515s9999 xx 000 0 und d |
| 020 ## - INTERNATIONAL STANDARD BOOK NUMBER | |
| International Standard Book Number | 978-958-648-722-1 |
| 040 ## - CATALOGING SOURCE | |
| Original cataloging agency | PE SENCICO BE |
| Transcribing agency | PE SENCICO BE |
| 082 ## - DEWEY DECIMAL CLASSIFICATION NUMBER | |
| Classification number | 658.5 |
| Item number | M79 |
| 100 1# - MAIN ENTRY--PERSONAL NAME | |
| 9 (RLIN) | 3073 |
| Personal name | Mora García, Luis Aníbal |
| Relator term | autor |
| 245 10 - TITLE STATEMENT | |
| Title | Gestión logística en centros de distribución, bodegas y almacenes / |
| Statement of responsibility, etc. | Luis Aníbal Mora García |
| 250 ## - EDITION STATEMENT | |
| Edition statement | 1a ed. |
| Remainder of edition statement | Reimp. 2013 |
| 260 ## - PUBLICATION, DISTRIBUTION, ETC. | |
| Place of publication, distribution, etc. | Bogotá : |
| Name of publisher, distributor, etc. | Ecoe ediciones ; |
| Date of publication, distribution, etc. | 2001 |
| 300 ## - PHYSICAL DESCRIPTION | |
| Extent | 244 páginas : |
| Other physical details | ilustraciones, tablas ; |
| Dimensions | 24 cm. |
| 504 ## - BIBLIOGRAPHY, ETC. NOTE | |
| Bibliography, etc. note | Bibliografía: p. [243]-244. |
| 505 0# - FORMATTED CONTENTS NOTE | |
| Formatted contents note | Procesos operativos en centros de distribución -- Sistemas de recepción de mercancías -- Sistemas de almacenamiento y rebastecimiento -- Sistemas de separación, alistamiento y despacho, separación, alistamiento y embalaje de mercancías -- Sistemas de equipos y manejo de materiales -- Control de inventarios -- Sistemas de información, tecnologías y proyecciones |
| 520 3# - SUMMARY, ETC. | |
| Summary, etc. | Se enfoca en la aplicación de las mejoras prácticas logísticas de clase mundial en gestión logística en centros de distribución, almacenes, separación, alistamiento y despacho de mercancías constituyen un factor clave de éxito para la gestión efectiva y competitividad de las cadenas de abastecimiento y distribución de las organizaciones modernas. |
| 546 ## - LANGUAGE NOTE | |
| Language note | spa |
| 650 10 - SUBJECT ADDED ENTRY--TOPICAL TERM | |
| Topical term or geographic name entry element | Logística empresarial |
| 9 (RLIN) | 3070 |
| 650 20 - SUBJECT ADDED ENTRY--TOPICAL TERM | |
| Topical term or geographic name entry element | Almacenes |
| 9 (RLIN) | 920 |
| 650 20 - SUBJECT ADDED ENTRY--TOPICAL TERM | |
| Topical term or geographic name entry element | Distribución comercial |
| 9 (RLIN) | 3072 |
| 650 20 - SUBJECT ADDED ENTRY--TOPICAL TERM | |
| Topical term or geographic name entry element | Administración de la producción |
| 9 (RLIN) | 2729 |
| 650 20 - SUBJECT ADDED ENTRY--TOPICAL TERM | |
| Topical term or geographic name entry element | Control de inventarios |
| 9 (RLIN) | 3074 |
| 942 ## - ADDED ENTRY ELEMENTS (KOHA) | |
| Koha item type | Libros |
| Source of classification or shelving scheme | Dewey Decimal Classification |
| Fecha de la última vez que lo usaron | Número de ingreso o de inventario | Pago total | Signatura topográfica completa | Código de barras | Precio efectivo desde | Tipo de documento | Estado perdido | Sistema de clasificación | Estado dañado | No es para préstamo | Retirado | Ubicación permanente | Ubicación actual | Fecha de adquisición |
|---|---|---|---|---|---|---|---|---|---|---|---|---|---|---|
| 15/05/2020 | 15645 | 658.5/M79 | BibLima25050012 | 15/05/2020 | Libros | Dewey Decimal Classification | Biblioteca Central Lima | Biblioteca Central Lima | 13/03/2014 |